000 00554nam a2200181Ia 4500
003 GCL
008 140319s9999 xx 000 0 eng d
040 _aGCL /
_cGCL
082 0 4 _a332.10973
_bC F
100 1 _aCASSERLEY, DOMINIC
245 1 0 _aFACING UP TO THE RISKS: HOW FINANCIAL INSTITUTIONS CAN SURVIVE AND PROSPER /
_cCASSERLEY, DOMINIC
260 _a[S.N] :
_bJOHN WILEY AND SONS. INC ،
_c1993
300 _a323 P P
650 0 4 _aUNITED STATES
650 0 4 _aFINANCIAL INSTITUTIONS
650 0 4 _aFINANCIAL SERVICES INDUSTRY
942 _2ddc
_cBK
999 _c16736
_d16736